000
00315nam a2200133Ia 4500
008
230917s9999||||xx |||||||||||||| ||und||
040
_e
132845
_a
MAIN
041
_a
English
082
_a
547.139 M846R
100
_a
Mukerji
245
0
_a
Reaction mechanism in organic Chemistry
300
_a
551p. p.
942
_c
BK
999
_c
55455
_d
55455